| 000 -LEADER |
| fixed length control field |
00674nam a2200241Ia 4500 |
| 001 - CONTROL NUMBER |
| control field |
11672 |
| 003 - CONTROL NUMBER IDENTIFIER |
| control field |
GE_BSU |
| 008 - FIXED-LENGTH DATA ELEMENTS--GENERAL INFORMATION |
| fixed length control field |
181216s||||||||xx |||||||||||||| ||und|| |
| 020 ## - INTERNATIONAL STANDARD BOOK NUMBER |
| International Standard Book Number |
9781407517445 |
| 040 ## - CATALOGING SOURCE |
| Transcribing agency |
GE_BSU |
| 080 ## - UNIVERSAL DECIMAL CLASSIFICATION NUMBER |
| Universal Decimal Classification number |
821.111-31 |
| 100 ## - MAIN ENTRY--PERSONAL NAME |
| Personal name |
Perelman,Helen. |
| 245 ## - TITLE STATEMENT |
| Title |
High school musical:Stories from fast high #6:Heart to Heart. |
| 245 ## - TITLE STATEMENT |
| Remainder of title |
Based on the Disney channel original movie high school musical. |
| 245 ## - TITLE STATEMENT |
| Statement of responsibility, etc. |
Written by Peter Barsocchini. |
| 260 ## - PUBLICATION, DISTRIBUTION, ETC. |
| Place of publication, distribution, etc. |
UK. |
| 260 ## - PUBLICATION, DISTRIBUTION, ETC. |
| Name of publisher, distributor, etc. |
Parragon. |
| 260 ## - PUBLICATION, DISTRIBUTION, ETC. |
| Date of publication, distribution, etc. |
2008. |
| 300 ## - PHYSICAL DESCRIPTION |
| Extent |
142p;20cm. |
| 300 ## - PHYSICAL DESCRIPTION |
| Accompanying material |
ill. |
| 653 ## - INDEX TERM--UNCONTROLLED |
| Uncontrolled term |
High school musical:Stories from fast high #6:Heart to Heart. |
| 942 ## - ADDED ENTRY ELEMENTS (KOHA) |
| Koha item type |
წიგნი |